000
00299nam a22001337a 4500
008
171122b xxu||||| |||| 00| 0 eng d
020
_a
9780321664143
041
_a
eng
080
_a
51
100
_a
37
101
_a
MAT
245
_a
CALCULUS EARLY TRANSCENDENTALS
_c
BRIGGS.C
942
_2
udc
_c
BK
999
_c
38291
_d
38291